Geometrical pictures in hadronic collisions : a reprint volume
保存先:
| フォーマット: | 図書 |
|---|---|
| 出版事項: |
World Scientific
1987
|
| タグ: |
タグ追加
タグなし, このレコードへの初めてのタグを付けませんか!
|
| Thư viện lưu trữ: | Mạng thư viện Đại học Đà Nẵng |
|---|
| LEADER | 00549nam a2200217 a 4500 | ||
|---|---|---|---|
| 001 | 000030111 | ||
| 003 | 25176 | ||
| 005 | 20171030145630.0 | ||
| 008 | 171030s1987 | ||
| 040 | |a LTT | ||
| 082 | 0 | |a 539.72 |b Ge-P | |
| 245 | 0 | 0 | |a Geometrical pictures in hadronic collisions : a reprint volume |c edited by S.Y. Lo. |
| 260 | |b World Scientific |c 1987 | ||
| 500 | |a VSVN | ||
| OWN | |a LTT | ||
| 999 | |a From the UDN01 | ||
| TYP | |a Monograph | ||
| TYP | |a Printed language | ||
| 980 | |a Mạng thư viện Đại học Đà Nẵng | ||